000 00927nam a22003255i 4500
001 19474337
003 OSt
005 20241107113758.0
008 170201s2017 nyu 000 0 eng
010 _a 2017932606
020 _a9780198749691 (pbk.)
040 _aDLC
_beng
_erda
_cDLC
042 _apcc
080 _a54
_bP-32
100 1 _aPatrick, Graham.
245 1 3 _aAn introduction to medicinal chemistry 6e /
_cDr Graham Patrick.
260 _bNew York, NY :
_c2017
_aoxford
300 _a877 pages cm
336 _atext
_btxt
_2rdacontent
337 _aunmediated
_bn
_2rdamedia
338 _avolume
_bnc
_2rdacarrier
365 _b38.51 usd
650 0 _9137
_aChemistry
650 0 _9138
_aMedicinal Chemistry
653 _aქიმია
653 _aსამედიცინო ქიმია
906 _a0
_bibc
_corignew
_d2
_eepcn
_f20
_gy-gencatlg
942 _2udc
_cBK
_e6
999 _c44
_d44